000 00666nam a2200241Ia 4500
003 OSt
005 20220930193318.0
006 a|||||r|||| 00| 0
007 ta
008 220926b |||||||| |||| 00| 0 eng d
024 _a11351
037 _cDissertations
040 _aCRL
_cCRL
_beng
041 _2eng
_aeng
100 _aOjha Archana
_9562178
110 _aUniversity of Delhi. Faculty of Social Sciences. Department of History
245 0 _aMongois
260 _c1991
650 _aHISTORY
700 _aUniversity of Delhi. Faculty of Social Sciences. Department of History
942 _cDIS
_2CC
999 _c896331
_d896331